| 000 | 00692nam a22002057a 4500 | ||
|---|---|---|---|
| 005 | 20250904132427.0 | ||
| 010 | _aENG-146639 | ||
| 020 |
_a9788175102613 _c350.00 |
||
| 035 | _aEN-130171 | ||
| 037 | _bDBAD | ||
| 082 |
_a320.1 _21 |
||
| 100 |
_aSarkar, Subhas _984765 |
||
| 245 |
_aMission Aatmanirbhar Bharat : _cby Nurani Neelakantan and Susanta Mukhopadhyay _bThe Resolve to Convert the Crisis into Opportunity/ |
||
| 250 | _a1 | ||
| 260 |
_aNew Delhi _bReliance Publising House _c2021 |
||
| 270 |
_a6/1 South Patel Nagar _bNew Delhi _mrbhbooks@gmail.com _k.11025708428 |
||
| 300 |
_a200p. _c24cm(pbk) |
||
| 700 |
_984716 _aMukhopadhyay, Susanta |
||
| 942 |
_2ddc _cEN _m320.1 _hSAR _e1 |
||
| 999 |
_c213334 _d213334 |
||